Pardeh-khani : a conceptual model for Iranian National Cinema /
Saved in:
| 主要作者: | |
|---|---|
| 格式: | Thesis 圖書 |
| 語言: | English |
| 主題: | |
| 在線閱讀: | http://studentsrepo.um.edu.my/id/eprint/4714 |
| 標簽: |
添加標簽
沒有標簽, 成為第一個標記此記錄!
|
| LEADER | 01312cam a2200349 i 4500 | ||
|---|---|---|---|
| 001 | u997806 | ||
| 003 | SIRSI | ||
| 005 | 201406191106 | ||
| 008 | 140619s2014 my a t 000 0 eng m | ||
| 040 | |a UMM |d AUM |e rda | ||
| 043 | |a a-ir--- | ||
| 090 | |a PN2037 |b UMP 2014 Fad | ||
| 100 | 1 | |a Fadaei, Majid, |e author. | |
| 245 | 1 | 0 | |a Pardeh-khani : |b a conceptual model for Iranian National Cinema / |c Majid Fadaei. |
| 264 | 1 | |c 2014 | |
| 264 | 4 | |c 2014 | |
| 300 | |a viii, 366 leaves : |b illustrations ; |c 30 cm | ||
| 336 | |a text |2 rdacontent | ||
| 337 | |a unmediated |2 rdamedia | ||
| 338 | |a volume |2 rdacarrier | ||
| 502 | |b Ph.D |c Pusat Kebudayaan, Universiti Malaya |d 2014. | ||
| 504 | |a Bibliography: leaves 337-349 | ||
| 530 | |a Also issued in CD. | ||
| 650 | 0 | |a Arts, Ancient |z Iran. | |
| 650 | 0 | |a Motion picture theaters |z Iran. | |
| 650 | 0 | |a Motion picture theaters in art. | |
| 710 | 2 | |a Universiti Malaya. |b Pusat Kebudayaan, |e degree granting institution. | |
| 856 | 4 | 1 | |u http://studentsrepo.um.edu.my/id/eprint/4714 |
| 900 | |a ZA | ||
| 596 | |a 1 25 | ||
| 999 | |a PN2037 UMP 2014 FAD |w LC |c 1 |i A515928824 |d 11/2/2017 |e 11/2/2017 |f 11/5/2015 |g 1 |l STACKS |m P01UTAMA |n 1 |r Y |s Y |t TESIS |u 28/4/2015 | ||
| 999 | |a PN2037 UMP 2014 FAD |w LC |c 1 |i A516259410 |f 9/9/2020 |g 1 |l STACKS |m P25UMARCHI |r N |s Y |t CD |u 25/6/2015 |1 AHSS |o .STAFF. MST-CD452 | ||
